[Event "4th Las Palmas it"]
[Site "Las Palmas ESP"]
[Date "1975.04.19"]
[Round "11"]
[White "Hort, Vlastimil"]
[Black "Pomar Salamanca, Arturo"]
[Result "1-0"]
[WhiteElo "2600"]
[BlackElo "2450"]
[EventDate "1975.04.06"]
[PlyCount "113"]

1.e4 c6 2.d4 d5 3.Nc3 dxe4 4.Nxe4 Bf5 5.Ng3 Bg6 6.h4 h6 7.h5 Bh7 8.Nf3 Nd7
9.Bd3 Bxd3 10.Qxd3 Qc7 11.Bd2 e6 12.Qe2 Ngf6 13.O-O-O O-O-O 14.Ne5 Nb6 15.
Ba5 Rd5 16.Bxb6 axb6 17.c4 Rd8 18.Nf3 Bd6 19.Ne4 Nxe4 20.Qxe4 Rhe8 21.Kb1 
Kb8 22.Rd3 Be7 23.Rhd1 Bf6 24.Qg4 c5 25.dxc5 bxc5 26.Qg3 e5 27.Rxd8+ Rxd8 
28.Rxd8+ Qxd8 29.Kc2 Ka8 30.Qg4 Qe8 31.Nd2 Qa4+ 32.Kb1 Qb4 33.Qe2 e4 34.
Nxe4 Bxb2 35.Nxc5 Be5+ 36.Nb3 Qc3 37.Qd2 Qxd2 38.Nxd2 Ka7 39.Kc2 Kb6 40.
Kd3 Kc5 41.Nb3+ Kc6 42.Ke4 Bf6 43.Kf5 b6 44.f4 Bc3 45.g4 Kd6 46.g5 hxg5 
47.fxg5 Ke7 48.c5 bxc5 49.Nxc5 Bd2 50.a4 Be3 51.Ne4 Kd7 52.g6 Ke7 53.a5 
Bd4 54.gxf7 Kxf7 55.Nd6+ Ke7 56.Nb5 Bc5 57.a6 1-0

[Event "4th Las Palmas it"]
[Site "Las Palmas ESP"]
[Date "1975.04.19"]
[Round "11"]
[White "Mecking, Henrique"]
[Black "Debarnot, Roberto Luis"]
[Result "1-0"]
[WhiteElo "2610"]
[BlackElo "2380"]
[EventDate "1975.04.06"]
[PlyCount "79"]

1.e4 e6 2.d4 d5 3.Nc3 Nf6 4.Bg5 Be7 5.e5 Nfd7 6.Bxe7 Qxe7 7.f4 O-O 8.Nf3 
c5 9.dxc5 Qxc5 10.Qd2 Nc6 11.O-O-O a6 12.Bd3 b5 13.g4 Re8 14.Ng5 Nf8 15.
Kb1 Bd7 16.Rc1 Rec8 17.Nf3 Na5 18.f5 Rab8 19.f6 Nc4 20.Bxc4 bxc4 21.Ka1 
Rb4 22.Rhf1 Rcb8 23.fxg7 Kxg7 24.Qg5+ Ng6 25.Qf6+ Kg8 26.Ng5 Be8 27.Nxf7 
Bxf7 28.Qxf7+ Kh8 29.Qf6+ Kg8 30.Qxe6+ Kh8 31.Qf6+ Kg8 32.Qe6+ Kh8 33.Rf7 
R4b6 34.Qxd5 Qe3 35.Rd1 Qxe5 36.Qd8+ Qe8 37.Qd4+ Qe5 38.Qd8+ Qe8 39.Qc7 
Nf8 40.Rdf1 1-0

[Event "4th Las Palmas it"]
[Site "Las Palmas ESP"]
[Date "1975.04.19"]
[Round "11"]
[White "Visier Segovia, Fernando"]
[Black "Andersson, Ulf"]
[Result "0-1"]
[WhiteElo "2375"]
[BlackElo "2565"]
[EventDate "1975.04.06"]
[PlyCount "58"]

1.d4 Nf6 2.c4 e6 3.Nc3 Bb4 4.e3 c5 5.Bd3 O-O 6.Nf3 d5 7.O-O dxc4 8.Bxc4 
Nbd7 9.Qe2 cxd4 10.exd4 Bxc3 11.bxc3 Qc7 12.Bb2 b6 13.Bd3 Bb7 14.c4 h6 15.
Ne5 Nxe5 16.dxe5 Qc6 17.f4 Nd7 18.Rf3 Qc5+ 19.Re3 Rfd8 20.Kh1 Nf8 21.Rg3 
Rd7 22.Rf1 Rad8 23.f5 Rxd3 24.Rxd3 Qxc4 25.Rfd1 Ba6 26.fxe6 Qxe6 27.Rxd8 
Bxe2 28.R1d2 Qf5 29.h3 Kh7 0-1

[Event "4th Las Palmas it"]
[Site "Las Palmas ESP"]
[Date "1975.04.20"]
[Round "12"]
[White "Andersson, Ulf"]
[Black "Tatai, Stefano"]
[Result "1/2-1/2"]
[WhiteElo "2565"]
[BlackElo "2455"]
[EventDate "1975.04.06"]
[PlyCount "48"]

1.Nf3 Nf6 2.c4 b6 3.g3 Bb7 4.Bg2 e6 5.O-O Be7 6.Nc3 O-O 7.d4 Ne4 8.Nxe4 
Bxe4 9.Ne1 Bxg2 10.Nxg2 Nc6 11.d5 Na5 12.b3 Bf6 13.Rb1 Re8 14.Re1 Bc3 15.
Bd2 Bxd2 16.Qxd2 e5 17.e4 Nb7 18.Ne3 a5 19.f3 d6 20.Kg2 Nc5 21.h4 h5 22.
Rh1 Qf6 23.Nd1 Qg6 24.Qg5 Kh7 1/2-1/2

[Event "4th Las Palmas it"]
[Site "Las Palmas ESP"]
[Date "1975.04.20"]
[Round "12"]
[White "Debarnot, Roberto Luis"]
[Black "Hort, Vlastimil"]
[Result "0-1"]
[WhiteElo "2380"]
[BlackElo "2600"]
[EventDate "1975.04.06"]
[PlyCount "121"]

1.Nf3 Nf6 2.g3 d5 3.Bg2 g6 4.c4 Bg7 5.O-O O-O 6.cxd5 Nxd5 7.d4 Nb6 8.Nc3 
Nc6 9.e3 e5 10.dxe5 Nxe5 11.Nxe5 Qxd1 12.Rxd1 Bxe5 13.h3 c6 14.Bd2 Nc4 15.
Rab1 a5 16.Na4 Bf5 17.e4 Nxd2 18.Rxd2 Be6 19.b3 Rad8 20.Rbd1 Bc7 21.Nc5 
Rxd2 22.Rxd2 Bc8 23.h4 Rd8 24.Rxd8+ Bxd8 25.Kf1 b6 26.Nd3 Ba6 27.Ke2 c5 
28.Kd2 c4 29.Nb2 cxb3 30.axb3 Bf6 31.Nd1 Bd4 32.Bh3 Kf8 33.Bd7 Ke7 34.Bc6 
Bc8 35.Kd3 Bc5 36.f3 Be6 37.Bd5 Bxd5 38.exd5 Kd6 39.Kc4 f5 40.Nc3 Bf2 41.
Ne2 Ke5 42.h5 gxh5 43.Nf4 Bxg3 44.Nxh5 Be1 45.f4+ Kd6 46.Nf6 Bd2 47.Nxh7 
Bxf4 48.Nf8 Be5 49.Nh7 Bf4 50.Nf8 Bh2 51.Nh7 Bg1 52.Ng5 Be3 53.Nf7+ Ke7 
54.Ne5 f4 55.Kd3 Kd6 56.Ke4 b5 57.Nc6 Bb6 58.Ne5 Bc7 59.Kd4 Ke7 60.Nf3 Bd6
61.Nd2 0-1

[Event "4th Las Palmas it"]
[Site "Las Palmas ESP"]
[Date "1975.04.20"]
[Round "12"]
[White "Olafsson, Fridrik"]
[Black "Cardoso, Rodolfo Tan"]
[Result "1-0"]
[WhiteElo "2535"]
[BlackElo "2410"]
[EventDate "1975.04.06"]
[PlyCount "61"]

1.d4 g6 2.c4 c6 3.Nc3 Bg7 4.e4 d5 5.e5 Be6 6.cxd5 Bxd5 7.Nge2 Nh6 8.Nxd5 
Qxd5 9.Nc3 Qd7 10.Bc4 Nf5 11.Be3 b5 12.Bb3 Na6 13.O-O O-O 14.a4 b4 15.Ne4 
Rad8 16.Ng5 Nc7 17.Qf3 Nd5 18.Qe4 e6 19.Rad1 Bh6 20.Bc1 Nde7 21.g4 Nxd4 
22.Nf3 Qc7 23.Rxd4 Bxc1 24.Rxc1 a5 25.Qf4 Nd5 26.Bxd5 exd5 27.Qd2 Qb6 28.
Rf4 Kg7 29.Rf6 Rc8 30.Nd4 Rfe8 31.Qf4 1-0

[Event "4th Las Palmas it"]
[Site "Las Palmas ESP"]
[Date "1975.04.20"]
[Round "12"]
[White "Rodriguez Vargas, Orestes"]
[Black "Bellon Lopez, Juan Manuel"]
[Result "0-1"]
[WhiteElo "2435"]
[BlackElo "2415"]
[EventDate "1975.04.06"]
[PlyCount "77"]

1.e4 c5 2.Nf3 g6 3.d4 Bg7 4.c4 Qa5+ 5.Bd2 Qb6 6.Bc3 Nf6 7.d5 O-O 8.Nbd2 d6
9.h3 e5 10.g4 Qd8 11.Be2 Ne8 12.Qc2 Bh6 13.O-O-O Bf4 14.Rdg1 a6 15.Ne1 b5 
16.b3 b4 17.Bb2 Qg5 18.h4 Bxd2+ 19.Kd1 Qe7 20.Qxd2 f6 21.Nd3 Rf7 22.f4 
exf4 23.g5 Qxe4 24.Nxf4 fxg5 25.Ne6 Bxe6 26.dxe6 Rf2 27.Rf1 Nc6 28.Rxf2 
Qxh1+ 29.Rf1 Qg2 30.hxg5 Ne7 31.Bf6 Nf5 32.e7 Ra7 33.Rf3 Qg1+ 34.Kc2 Nxe7 
35.Bd3 Nxf6 36.gxf6 Nc6 37.Rf2 Qa1 38.Qe3 Qc3+ 39.Kd1 0-1

[Event "4th Las Palmas it"]
[Site "Las Palmas ESP"]
[Date "1975.04.22"]
[Round "13"]
[White "Cardoso, Rodolfo Tan"]
[Black "Visier Segovia, Fernando"]
[Result "1/2-1/2"]
[WhiteElo "2410"]
[BlackElo "2375"]
[EventDate "1975.04.06"]
[PlyCount "86"]

1.e4 c5 2.Ne2 Nc6 3.Nbc3 g6 4.d4 cxd4 5.Nxd4 Bg7 6.Be3 Nf6 7.Be2 O-O 8.O-O
d5 9.exd5 Nb4 10.d6 Qxd6 11.Ndb5 Qb8 12.Bc5 Nc6 13.Bf3 a6 14.Na3 Be6 15.
Qe2 Nd7 16.Na4 Qf4 17.Bxc6 bxc6 18.c4 Nxc5 19.Nxc5 Bg4 20.Qxe7 Rfe8 21.Qb7
Be5 22.g3 Qf3 23.Nc2 Bd6 24.Nd4 Qf6 25.Ncb3 c5 26.Nc2 Bf3 27.Qd7 Rad8 28.
Qh3 Re5 29.Rfe1 Rh5 30.Qf1 Ba8 31.Ne3 Qxb2 32.Qe2 Qxe2 33.Rxe2 Be5 34.Rd1 
Bd4 35.Nxd4 Rxd4 36.Red2 Be4 37.Rxd4 cxd4 38.Rxd4 Bb1 39.Nd5 Re5 40.Nc3 
Bf5 41.Kg2 h5 42.a4 Kf8 43.h3 Rc5 1/2-1/2

[Event "4th Las Palmas it"]
[Site "Las Palmas ESP"]
[Date "1975.04.22"]
[Round "13"]
[White "Fernandez Fernandez, Angel"]
[Black "Olafsson, Fridrik"]
[Result "0-1"]
[WhiteElo "2300"]
[BlackElo "2535"]
[EventDate "1975.04.06"]
[PlyCount "72"]

1.e4 c5 2.Nf3 d6 3.d4 cxd4 4.Nxd4 Nf6 5.Nc3 a6 6.Be2 e5 7.Nb3 Be7 8.g4 h6 
9.h4 Be6 10.Bf3 Nbd7 11.Be3 Nb6 12.Qe2 Nc4 13.O-O-O Nxe3 14.fxe3 Nd7 15.
Qf2 b5 16.Nd5 a5 17.Be2 Rb8 18.Kb1 a4 19.Nd2 a3 20.bxa3 Nc5 21.Qe1 Bxd5 
22.exd5 Qc7 23.Qf2 Na4 24.Ne4 b4 25.Rdf1 O-O 26.Bd3 bxa3+ 27.Kc1 Nb2 28.
Qd2 Qb6 29.Qc3 Qxe3+ 30.Nd2 e4 31.Re1 Nxd3+ 32.cxd3 Qb6 33.Rxe4 Bf6 34.Qc2
Qa5 35.Nb3 Qxd5 36.Rc4 Qxh1+ 0-1

[Event "4th Las Palmas it"]
[Site "Las Palmas ESP"]
[Date "1975.04.22"]
[Round "13"]
[White "Hort, Vlastimil"]
[Black "Ljubojevic, Ljubomir"]
[Result "1/2-1/2"]
[WhiteElo "2600"]
[BlackElo "2615"]
[EventDate "1975.04.06"]
[PlyCount "31"]

1.Nf3 Nf6 2.c4 c5 3.Nc3 g6 4.g3 b6 5.Bg2 Bb7 6.b3 Bg7 7.Bb2 O-O 8.O-O Nc6 
9.d4 Nxd4 10.Nxd4 Bxg2 11.Kxg2 cxd4 12.Qxd4 Rc8 13.Nd5 Ne8 14.Qd2 Bxb2 15.
Qxb2 Nc7 16.Rfd1 1/2-1/2

[Event "4th Las Palmas it"]
[Site "Las Palmas ESP"]
[Date "1975.04.22"]
[Round "13"]
[White "Petrosian, Tigran"]
[Black "Debarnot, Roberto Luis"]
[Result "1-0"]
[WhiteElo "2645"]
[BlackElo "2380"]
[EventDate "1975.04.06"]
[PlyCount "85"]

1.d4 Nf6 2.c4 e6 3.Nc3 Bb4 4.e3 c5 5.Bd3 d5 6.Nf3 O-O 7.O-O Nbd7 8.cxd5 
exd5 9.a3 Bxc3 10.bxc3 c4 11.Bc2 Re8 12.Nd2 Qa5 13.Bb2 Nb6 14.Re1 Bd7 15.
a4 Ne4 16.Nf1 f5 17.f3 Nf6 18.h3 h5 19.Ng3 g6 20.Kf2 h4 21.Nf1 Re6 22.Kg1 
Kf7 23.Re2 Rh8 24.Bc1 Nc8 25.Qe1 Bc6 26.Ba3 Qc7 27.Qf2 a5 28.Rae1 Kg7 29.
Nd2 Nh5 30.Ra1 Qg3 31.Nf1 Qxf2+ 32.Kxf2 Rhe8 33.Ree1 Ng3 34.Nd2 f4 35.e4 
dxe4 36.fxe4 Bxe4 37.Nxe4 Nxe4+ 38.Rxe4 Rxe4 39.Bxe4 Rxe4 40.Rb1 b6 41.d5 
Re3 42.Rd1 Rxc3 43.Bb2 1-0

[Event "4th Las Palmas it"]
[Site "Las Palmas ESP"]
[Date "1975.04.22"]
[Round "13"]
[White "Tatai, Stefano"]
[Black "Pomar Salamanca, Arturo"]
[Result "0-1"]
[WhiteElo "2455"]
[BlackElo "2450"]
[EventDate "1975.04.06"]
[PlyCount "88"]

1.d4 Nf6 2.Nf3 e6 3.c4 Bb4+ 4.Bd2 Qe7 5.g3 b6 6.Bg2 Bb7 7.O-O Bxd2 8.Qxd2 
d6 9.Nc3 Ne4 10.Nxe4 Bxe4 11.Qe3 Bb7 12.d5 Nd7 13.Nd2 O-O 14.Nb1 Rae8 15.
Nc3 Ne5 16.b3 f5 17.Qd2 Ng6 18.e3 e5 19.f4 h5 20.Bf3 h4 21.Bh5 Rf6 22.g4 
Kh7 23.g5 Rff8 24.Rf3 c6 25.Raf1 cxd5 26.Nxd5 Bxd5 27.Qxd5 exf4 28.exf4 
Qe6 29.Rd3 Qxd5 30.Rxd5 Re6 31.Rd4 Rfe8 32.Kf2 R8e7 33.Rfd1 Nf8 34.Rxd6 
Re4 35.R1d4 Rxd4 36.Rxd4 Ne6 37.Rd6 Nxf4 38.g6+ Kh6 39.Bd1 Kg5 40.b4 Rc7 
41.Bb3 Nxg6 42.c5 bxc5 43.bxc5 Ne5 44.Rd5 Rxc5 0-1

[Event "4th Las Palmas it"]
[Site "Las Palmas ESP"]
[Date "1975.04.23"]
[Round "14"]
[White "Andersson, Ulf"]
[Black "Pomar Salamanca, Arturo"]
[Result "1-0"]
[WhiteElo "2565"]
[BlackElo "2450"]
[EventDate "1975.04.06"]
[PlyCount "133"]

1.Nf3 Nf6 2.c4 e6 3.b3 Be7 4.Bb2 O-O 5.e3 b6 6.Be2 Bb7 7.O-O c5 8.d3 d6 9.
a3 Nc6 10.Nbd2 Rc8 11.b4 a5 12.bxc5 bxc5 13.Rb1 Rb8 14.Qc2 Qc7 15.Rfc1 
Rfc8 16.Bc3 Ba6 17.h3 h6 18.Qa2 Rxb1 19.Rxb1 Rb8 20.Bd1 Rxb1 21.Qxb1 d5 
22.Ba4 d4 23.exd4 cxd4 24.Nxd4 Nxd4 25.Bxd4 Qd6 26.Bb2 Nh5 27.Ne4 Qb6 28.
Qc2 f5 29.Nd2 Nf4 30.Be5 g5 31.Bxf4 gxf4 32.Qb3 Qd4 33.Nf3 Qa1+ 34.Kh2 
Qxa3 35.Qb6 Bc8 36.Qxa5 Qxd3 37.Qa8 Qd8 38.Ne5 Qc7 39.Bd7 Qxe5 40.Qxc8+ 
Kg7 41.Bxe6 f3+ 42.g3 Qe2 43.Qg8+ Kf6 44.Qf7+ Ke5 45.Qxf5+ Kd4 46.Qd5+ Kc3
47.Qa5+ Kd3 48.Qb6 Bf6 49.Bf5+ Kd2 50.h4 h5 51.Bg6 Be5 52.Bxh5 Ke1 53.Qb1+
Kd2 54.Qa2+ Ke1 55.Qxe2+ Kxe2 56.Bxf3+ Kxf3 57.Kh3 Bd4 58.h5 Bxf2 59.h6 
Bd4 60.Kh4 Ke4 61.Kg5 Kd3 62.Kg6 Kxc4 63.g4 Kd5 64.Kf7 Ke5 65.g5 Kf5 66.g6
Kg5 67.g7 1-0

[Event "4th Las Palmas it"]
[Site "Las Palmas ESP"]
[Date "1975.04.23"]
[Round "14"]
[White "Debarnot, Roberto Luis"]
[Black "Tatai, Stefano"]
[Result "0-1"]
[WhiteElo "2380"]
[BlackElo "2455"]
[EventDate "1975.04.06"]
[PlyCount "78"]

1.d4 Nf6 2.c4 c5 3.Nf3 e6 4.Nc3 cxd4 5.Nxd4 Bb4 6.Nc2 Bxc3+ 7.bxc3 Qa5 8.
Qd3 Na6 9.f3 Nc5 10.Qd2 O-O 11.e3 b6 12.Be2 Ba6 13.Ba3 d5 14.Bb4 Qa4 15.
cxd5 Nxd5 16.Bxc5 bxc5 17.Bxa6 Qxa6 18.e4 Nb6 19.Ne3 Rfd8 20.Qe2 Qa3 21.
O-O Qxc3 22.Rac1 Qa5 23.Rc2 Rac8 24.Rfc1 h6 25.h4 Rd4 26.Nc4 Nxc4 27.Rxc4 
Rd2 28.Qe1 Qxa2 29.Qg3 Rd1+ 30.Rxd1 Qxc4 31.Rd7 Qa4 32.Qd6 Qa1+ 33.Kh2 Qf6
34.Kh3 c4 35.Rxa7 c3 36.Rc7 Rxc7 37.Qxc7 g5 38.hxg5 hxg5 39.Qc5 Qh6+ 0-1

[Event "4th Las Palmas it"]
[Site "Las Palmas ESP"]
[Date "1975.04.23"]
[Round "14"]
[White "Ljubojevic, Ljubomir"]
[Black "Petrosian, Tigran"]
[Result "1/2-1/2"]
[WhiteElo "2615"]
[BlackElo "2645"]
[EventDate "1975.04.06"]
[PlyCount "34"]

1.e4 e6 2.d4 d5 3.Nd2 c5 4.Ngf3 cxd4 5.exd5 Qxd5 6.Bc4 Qd6 7.O-O Nf6 8.Nb3
Nc6 9.Nbxd4 Nxd4 10.Qxd4 Qxd4 11.Nxd4 Bd7 12.Bf4 Rc8 13.Bb3 Bc5 14.Rad1 
O-O 15.c3 Rfd8 16.h3 Kf8 17.Rfe1 Be7 1/2-1/2

[Event "4th Las Palmas it"]
[Site "Las Palmas ESP"]
[Date "1975.04.23"]
[Round "14"]
[White "Olafsson, Fridrik"]
[Black "Bellon Lopez, Juan Manuel"]
[Result "1-0"]
[WhiteElo "2535"]
[BlackElo "2415"]
[EventDate "1975.04.06"]
[PlyCount "77"]

1.e4 c5 2.Nf3 g6 3.d4 Bg7 4.c3 cxd4 5.cxd4 d5 6.e5 Bg4 7.Nbd2 Nc6 8.Bb5 
Qb6 9.Qa4 Rc8 10.O-O Bd7 11.Bxc6 Rxc6 12.Qd1 Bf5 13.Nb3 Bc2 14.Qe2 Bxb3 
15.axb3 a6 16.Qd3 Bh6 17.Ng5 f6 18.Nf3 Bxc1 19.Raxc1 f5 20.Qe3 e6 21.Rxc6 
Qxc6 22.Rc1 Qd7 23.h4 Ne7 24.b4 O-O 25.Rc5 Nc6 26.h5 f4 27.Qb3 g5 28.Nxg5 
Nxd4 29.Qd1 Qg7 30.Qxd4 Qxg5 31.f3 Qxh5 32.Rc7 Qf5 33.Qc5 Qb1+ 34.Kh2 Rf5 
35.Rc8+ Kg7 36.Qe7+ Kh6 37.Qxe6+ Kh5 38.Rh8 Rg5 39.Qh3+ 1-0

[Event "4th Las Palmas it"]
[Site "Las Palmas ESP"]
[Date "1975.04.23"]
[Round "14"]
[White "Tal, Mikhail"]
[Black "Cardoso, Rodolfo Tan"]
[Result "1-0"]
[WhiteElo "2645"]
[BlackElo "2410"]
[EventDate "1975.04.06"]
[PlyCount "175"]

1.d4 Nf6 2.c4 e6 3.Nf3 b6 4.g3 Bb7 5.Bg2 Bb4+ 6.Bd2 Qe7 7.O-O Bxd2 8.Qxd2 
O-O 9.Nc3 Ne4 10.Nxe4 Bxe4 11.Qf4 d5 12.cxd5 exd5 13.Rac1 c5 14.dxc5 bxc5 
15.Qe3 Qb7 16.b3 Na6 17.Qf4 Rad8 18.Bh3 Qb5 19.Nd2 Bg6 20.Bg4 Nb4 21.Qc7 
Na6 22.Qf4 Nb4 23.Qe3 d4 24.Qe7 Nxa2 25.Qxc5 Qxc5 26.Rxc5 Nc3 27.Ra1 Rfe8 
28.Kf1 Re7 29.Ra6 h5 30.Bf3 f6 31.Rac6 Rdd7 32.Rc8+ Kh7 33.Rf8 Rc7 34.Rxc7
Rxc7 35.Rd8 Nb5 36.Rd5 Rc1+ 37.Kg2 Rc2 38.Ne4 a6 39.b4 Rc4 40.Rd7 Kh6 41.
Rd8 Kh7 42.Nc5 Rxb4 43.Nxa6 Rc4 44.Nb8 Nc3 45.Nd7 Bf7 46.h4 Rb4 47.Nc5 g6 
48.Rd6 Kg7 49.Nd7 f5 50.Ne5 Be8 51.Rd8 Bb5 52.Rd6 Be8 53.Nd3 Ra4 54.Nc5 
Rb4 55.Ne6+ Kh7 56.Rd8 Bb5 57.Nxd4 Bc4 58.Rd7+ Kh8 59.Rc7 Ne4 60.Nc6 Rb6 
61.Ne5 Bb3 62.Nd7 Rd6 63.Bxe4 fxe4 64.Nc5 Bc2 65.Re7 Rd4 66.Ne6 Rb4 67.Nf4
Rb6 68.Nd5 Rd6 69.Ne3 Ba4 70.Nc4 Rd7 71.Ne5 Rxe7 72.Nxg6+ Kg7 73.Nxe7 Kf6 
74.Nd5+ Ke5 75.Nf4 Be8 76.Kf1 Bf7 77.Ke1 Kd4 78.Kd2 Be8 79.Ng2 Bd7 80.Ne3 
Bc8 81.Nc2+ Ke5 82.Ke3 Bg4 83.Nd4 Bd7 84.Nb3 Bg4 85.Nd2 Bf5 86.Nc4+ Kd5 
87.Kf4 Be6 88.Nd2 1-0

[Event "4th Las Palmas it"]
[Site "Las Palmas ESP"]
[Date "1975.04.23"]
[Round "14"]
[White "Visier Segovia, Fernando"]
[Black "Fernandez Fernandez, Angel"]
[Result "1/2-1/2"]
[WhiteElo "2375"]
[BlackElo "2300"]
[EventDate "1975.04.06"]
[PlyCount "35"]

1.d4 Nf6 2.c4 e6 3.Nf3 d5 4.Nc3 Nbd7 5.cxd5 exd5 6.Bg5 Be7 7.e3 O-O 8.Bd3 
c6 9.Qc2 h6 10.Bh4 Re8 11.h3 Nf8 12.O-O-O Qa5 13.Kb1 Bb4 14.Rc1 Bxc3 15.
Qxc3 Qxc3 16.Rxc3 Ne4 17.Bxe4 Rxe4 18.g4 1/2-1/2

[Event "4th Las Palmas it"]
[Site "Las Palmas ESP"]
[Date "1975.04.25"]
[Round "15"]
[White "Bellon Lopez, Juan Manuel"]
[Black "Visier Segovia, Fernando"]
[Result "1-0"]
[WhiteElo "2415"]
[BlackElo "2375"]
[EventDate "1975.04.06"]
[PlyCount "89"]

1.e4 c5 2.Nf3 Nc6 3.d4 cxd4 4.Nxd4 g6 5.Bc4 Bg7 6.Nxc6 bxc6 7.Qf3 Nf6 8.
Nc3 O-O 9.e5 Ne8 10.Bf4 Qa5 11.O-O Bxe5 12.Nd5 cxd5 13.Bxe5 Bb7 14.Bb3 Bc6
15.Qe3 Nd6 16.Bc3 Qd8 17.Bxd5 Bxd5 18.Qe5 f6 19.Qxd5+ Kg7 20.Rad1 Rb8 21.
a4 Qc8 22.Rfe1 Rf7 23.Qd4 Nf5 24.Qxd7 Qxd7 25.Rxd7 e5 26.Red1 Nd4 27.Rxf7+
Kxf7 28.Bxd4 exd4 29.b3 Rc8 30.Rxd4 Rxc2 31.g4 Ke6 32.Rb4 Rb2 33.Rb7 Ke5 
34.Kg2 a5 35.Kg3 f5 36.Rb5+ Kf6 37.gxf5 gxf5 38.f3 Kg5 39.h4+ Kg6 40.Rb6+ 
Kh5 41.Rf6 Rxb3 42.Rxf5+ Kg6 43.Rxa5 Ra3 44.Kg4 h6 45.Ra6+ 1-0

[Event "4th Las Palmas it"]
[Site "Las Palmas ESP"]
[Date "1975.04.25"]
[Round "15"]
[White "Cardoso, Rodolfo Tan"]
[Black "Andersson, Ulf"]
[Result "0-1"]
[WhiteElo "2410"]
[BlackElo "2565"]
[EventDate "1975.04.06"]
[PlyCount "82"]

1.e4 c5 2.Nf3 d6 3.d4 cxd4 4.Nxd4 Nf6 5.Nc3 e6 6.Be3 a6 7.Qf3 Qc7 8.O-O-O 
Nbd7 9.Be2 b5 10.e5 Bb7 11.exd6 Bxd6 12.Qh3 Be7 13.Bf3 Rc8 14.Bxb7 Qxb7 
15.Kb1 O-O 16.f4 Rfe8 17.Rdf1 Bf8 18.g4 Nb6 19.Bc1 b4 20.Nce2 a5 21.Qf3 
Qxf3 22.Rxf3 Nxg4 23.Rg1 Nh6 24.Rg5 a4 25.Rh3 g6 26.Rb5 Nd5 27.Ng3 Rc4 28.
Nf3 Rec8 29.Ne1 a3 30.f5 Nxf5 31.Nxf5 gxf5 32.Rg3+ Rg4 33.Nd3 Bd6 34.Rf3 
axb2 35.Kxb2 Nc3 36.Rb7 Nd1+ 37.Kb1 Rg1 38.Nxb4 Be5 39.Nd3 Bg7 40.c4 Nc3+ 
41.Kc2 Ne4 0-1

[Event "4th Las Palmas it"]
[Site "Las Palmas ESP"]
[Date "1975.04.25"]
[Round "15"]
[White "Mecking, Henrique"]
[Black "Olafsson, Fridrik"]
[Result "1/2-1/2"]
[WhiteElo "2610"]
[BlackElo "2535"]
[EventDate "1975.04.06"]
[PlyCount "29"]

1.e4 e5 2.Nf3 Nc6 3.Bb5 a6 4.Ba4 Nf6 5.O-O Be7 6.Re1 b5 7.Bb3 d6 8.c3 O-O 
9.h3 Be6 10.d4 Bxb3 11.Qxb3 d5 12.dxe5 Nxe4 13.Nbd2 Nc5 14.Qc2 Qd7 15.Nf1 
1/2-1/2

[Event "4th Las Palmas it"]
[Site "Las Palmas ESP"]
[Date "1975.04.25"]
[Round "15"]
[White "Pomar Salamanca, Arturo"]
[Black "Debarnot, Roberto Luis"]
[Result "1/2-1/2"]
[WhiteElo "2450"]
[BlackElo "2380"]
[EventDate "1975.04.06"]
[PlyCount "37"]

1.c4 c5 2.Nc3 g6 3.g3 Bg7 4.Bg2 Nc6 5.e3 h5 6.Nf3 Nh6 7.e4 d6 8.d3 Bd7 9.
h3 Qc8 10.Bg5 Rb8 11.Qd2 a6 12.a4 b6 13.Rc1 Nd4 14.Qd1 Ng8 15.Nxd4 Bxd4 
16.b3 f6 17.Bd2 h4 18.g4 e5 19.f4 1/2-1/2

[Event "4th Las Palmas it"]
[Site "Las Palmas ESP"]
[Date "1975.04.25"]
[Round "15"]
[White "Tatai, Stefano"]
[Black "Ljubojevic, Ljubomir"]
[Result "1/2-1/2"]
[WhiteElo "2455"]
[BlackElo "2615"]
[EventDate "1975.04.06"]
[PlyCount "20"]

1.e4 e6 2.d4 d5 3.Nd2 c5 4.exd5 exd5 5.Bb5+ Nc6 6.Ngf3 Bd6 7.O-O Ne7 8.c4 
O-O 9.dxc5 Bxc5 10.Nb3 Bb6 1/2-1/2